00206nam a2200097Ia 4500003000400000040000800004041000700012245004900019260002200068362001800090LDD cLDD aen 0aJournal of Business Strategy : to be entered c1 Jul-31 Dec,2006 a27-27b04-Jun